[Event "Mittelfr. EM 2017 - Hauptturnier"]
[Site "Uttenreuth"]
[Date "2017.04.12"]
[Round "4.5"]
[White "Konsek, Peter"]
[Black "Meyer, Jürgen"]
[Result "1-0"]
[WhiteElo "2083"]
[BlackElo "1839"]
[PlyCount "75"]
[EventDate "2017.??.??"]
[WhiteTeam "SC Schwarz-Weiß Nürnberg Süd e.V"]
[BlackTeam "SC Uttenreuth e.V."]

1. e4 c5 2. d4 cxd4 3. c3 d3 4. c4 Nc6 5. Bxd3 g6 6. Nf3 Bg7 7. O-O d6 8. h3
Nf6 9. Nc3 O-O 10. Bg5 h6 11. Be3 Bd7 12. Rc1 b6 13. b3 Rc8 14. Qd2 Kh7 15. Bb1
Ne8 16. Rfd1 Be6 17. Nd5 Bxd5 18. cxd5 Nb8 19. Nd4 Bxd4 20. Qxd4 Nd7 21. b4 Nc7
22. Bd2 Ne5 23. Qe3 h5 24. Qh6+ Kg8 25. f4 Nd7 26. Bc3 Nf6 27. f5 Qe8 28. e5
dxe5 29. fxg6 fxg6 30. Bxg6 Qb5 31. Bxe5 Ncxd5 32. Bh7+ Kf7 33. Qg6+ Ke6 34.
Qf5+ Kf7 35. Rxc8 Rxc8 36. Qxc8 Ne3 37. Bxf6 Nxd1 38. Qg8+ 1-0

[Event "Mittelfr. EM 2017 - Hauptturnier"]
[Site "Uttenreuth"]
[Date "2017.04.12"]
[Round "4.6"]
[White "Brenner, Christian"]
[Black "Bauer, Karlheinz"]
[Result "1/2-1/2"]
[WhiteElo "2032"]
[BlackElo "2230"]
[PlyCount "62"]
[EventDate "2017.??.??"]
[WhiteTeam "Spvg Zabo-Eintracht Nürnberg e.V"]
[BlackTeam "Spvg Zabo-Eintracht Nürnberg e.V"]

1. d4 Nf6 2. Nf3 d6 3. Nc3 c6 4. e4 g6 5. Be2 Bg7 6. O-O Nbd7 7. Re1 Qc7 8. Be3
O-O 9. h3 e5 10. Qd2 Nh5 11. dxe5 dxe5 12. Bh6 Nf4 13. Bxf4 exf4 14. Rad1 Nc5
15. Bf1 Qb6 16. Rb1 Ne6 17. e5 Rd8 18. Bd3 Nc5 19. Qxf4 Rxd3 20. cxd3 Nxd3 21.
Qd2 Nxe1 22. Rxe1 Bf5 23. Rd1 Re8 24. g4 Bc8 25. Ne4 Bxe5 26. Nxe5 Rxe5 27. Qf4
Re6 28. Ng5 Re7 29. Qf6 Qc7 30. Nxf7 Rxf7 31. Rd8+ Qxd8 1/2-1/2

[Event "Mittelfr. EM 2017 - Hauptturnier"]
[Site "Uttenreuth"]
[Date "2017.04.12"]
[Round "4.7"]
[White "Cordts, Elof"]
[Black "Kotitschke, Karlheinz"]
[Result "0-1"]
[WhiteElo "1674"]
[BlackElo "1962"]
[PlyCount "88"]
[EventDate "2017.??.??"]
[WhiteTeam "SC Erlangen 48/88"]
[BlackTeam "SK Rothenburg e.V."]

1. e4 e6 2. d4 d5 3. Nc3 dxe4 4. Nxe4 Bd7 5. c3 Bc6 6. Bd3 Nd7 7. Nf3 h6 8. Qe2
Ngf6 9. Ne5 Bd5 10. O-O Be7 11. c4 Bxe4 12. Bxe4 Nxe4 13. Qxe4 c6 14. Nf3 O-O
15. Be3 Qa5 16. Rfd1 Rad8 17. h3 Rfe8 18. a3 Bd6 19. b4 Qc7 20. Ra2 Nf6 21. Qc2
Nd7 22. Qe2 Nf8 23. Rad2 Ng6 24. c5 Bf4 25. Rd3 Rd5 26. g3 Bxe3 27. Qxe3 Red8
28. Kg2 Qd7 29. Ne1 Ne7 30. g4 g5 31. f4 Ng6 32. fxg5 hxg5 33. R3d2 Nf4+ 34.
Kg1 e5 35. Nc2 Kg7 36. b5 Rh8 37. Rh2 f6 38. bxc6 bxc6 39. Re1 exd4 40. Qe7+
Qxe7 41. Rxe7+ Kg6 42. Rd2 d3 43. Ne3 Rxc5 44. Nf5 Rh7 0-1

[Event "Mittelfr. EM 2017 - Hauptturnier"]
[Site "Uttenreuth"]
[Date "2017.04.13"]
[Round "5.1"]
[White "Tong, Kevin"]
[Black "Saathoff, Richard"]
[Result "1/2-1/2"]
[WhiteElo "2046"]
[BlackElo "2124"]
[PlyCount "42"]
[EventDate "2017.??.??"]
[WhiteTeam "SC Erlangen 48/88"]
[BlackTeam "SC Schwarz-Weiß Nürnberg Süd e.V"]

1. e4 e5 2. Nf3 Nc6 3. Bc4 Bc5 4. c3 Nf6 5. d3 O-O 6. O-O d5 7. exd5 Nxd5 8.
Nbd2 Bg4 9. Ne4 Be7 10. h3 Bh5 11. Re1 Kh8 12. Ng3 Bg6 13. Bb5 f6 14. d4 Qd6
15. Bxc6 Qxc6 16. dxe5 Bc5 17. Nd4 Bxd4 18. cxd4 Nb4 19. Be3 Nd3 20. Re2 fxe5
21. dxe5 Nxe5 1/2-1/2

[Event "Mittelfr. EM 2017 - Hauptturnier"]
[Site "Uttenreuth"]
[Date "2017.04.13"]
[Round "5.2"]
[White "Wittmann, Helmut"]
[Black "Erlbeck, Peter"]
[Result "1/2-1/2"]
[WhiteElo "2067"]
[BlackElo "2061"]
[PlyCount "77"]
[EventDate "2017.??.??"]
[WhiteTeam "BSG Wörlhaus Erlangen"]
[BlackTeam "SC Schwarz-Weiß Nürnberg Süd e.V"]

1. d4 f5 2. g3 Nf6 3. Bg2 g6 4. Nh3 Bg7 5. Nf4 d6 6. d5 Na6 7. h4 Nc5 8. h5 e5
9. dxe6 Nxe6 10. Nxe6 Bxe6 11. h6 Bf8 12. Bxb7 Rb8 13. Bc6+ Kf7 14. Nd2 Rb6 15.
Bg2 Be7 16. Nf3 Ne4 17. Nd4 d5 18. Nxe6 Rxe6 19. Qd4 Bf6 20. Qxa7 Rhe8 21. O-O
R8e7 22. Qa5 Qd7 23. Rd1 c6 24. c4 d4 25. c5 Nxf2 26. Kxf2 Rxe2+ 27. Kf1 Rxg2
28. Kxg2 Qd5+ 29. Kf2 d3 30. Re1 Qd4+ 31. Be3 Qxb2+ 32. Kf3 Qh2 33. Qd2 Qh5+
34. Kg2 Bxa1 35. Rxa1 f4 36. gxf4 Qg4+ 37. Kf2 Qh4+ 38. Kg2 Qg4+ 39. Kf2
1/2-1/2

[Event "Mittelfr. EM 2017 - Hauptturnier"]
[Site "Uttenreuth"]
[Date "2017.04.13"]
[Round "5.3"]
[White "Böhme, Markus"]
[Black "Konsek, Peter"]
[Result "1-0"]
[WhiteElo "1957"]
[BlackElo "2083"]
[PlyCount "121"]
[EventDate "2017.??.??"]
[WhiteTeam "SC Uttenreuth e.V."]
[BlackTeam "SC Schwarz-Weiß Nürnberg Süd e.V"]

1. Nf3 f5 2. d3 d6 3. e4 e5 4. Nc3 c5 5. exf5 Bxf5 6. g3 Nf6 7. Bg2 Nc6 8. O-O
Be7 9. Bg5 O-O 10. Bxf6 Bxf6 11. Nd5 Qd7 12. Nd2 Bg4 13. f3 Be6 14. Nxf6+ Rxf6
15. Ne4 Rff8 16. c3 Qe7 17. f4 exf4 18. gxf4 d5 19. Ng5 h6 20. Nxe6 Qxe6 21.
Qf3 Rad8 22. Rae1 Qd6 23. Qh5 d4 24. c4 Nb4 25. Be4 Rxf4 26. Rxf4 Qxf4 27. Qxc5
Nxd3 28. Bxd3 Qg4+ 29. Kh1 Qf3+ 30. Kg1 Qxd3 31. Qh5 Rf8 32. Qd5+ Kh8 33. Qxb7
Rf5 34. Qa8+ Kh7 35. Qe4 Qh3 36. c5 Qh5 37. Kh1 Qg6 38. Rg1 Rg5 39. Qxg6+ Rxg6
40. Rd1 Rg5 41. b4 Rd5 42. c6 Rd8 43. a4 d3 44. b5 d2 45. a5 Rd5 46. b6 axb6
47. axb6 Rc5 48. Rxd2 Rxc6 49. Rb2 Rc8 50. b7 Rb8 51. Rb6 g5 52. Kg2 h5 53. Kf3
Kg7 54. Ke4 Kf7 55. Kf5 g4 56. Kg5 g3 57. hxg3 Kg7 58. Kxh5 Kf7 59. Kg5 Kg7 60.
Kf5 Kf7 61. g4 1-0

[Event "Mittelfr. EM 2017 - Hauptturnier"]
[Site "Uttenreuth"]
[Date "2017.04.13"]
[Round "5.4"]
[White "Seibold, Hubert"]
[Black "Kotitschke, Karlheinz"]
[Result "1-0"]
[WhiteElo "2117"]
[BlackElo "1962"]
[PlyCount "62"]
[EventDate "2017.??.??"]
[WhiteTeam "SK Zirndorf e.V."]
[BlackTeam "SK Rothenburg e.V."]

1. Nf3 e6 2. d4 f5 3. g3 Nf6 4. Bg2 d5 5. O-O Bd6 6. b3 Qe7 7. a4 b6 8. c4 O-O
9. Ba3 c5 10. Nc3 Bb7 11. Nb5 Nbd7 12. Nxd6 Qxd6 13. Rc1 Ne4 14. Nd2 Rac8 15.
Nxe4 fxe4 16. dxc5 bxc5 17. Bxe4 Rf6 18. Bg2 Bc6 19. cxd5 exd5 20. e3 d4 21.
Bxc6 Rxc6 22. exd4 Rh6 23. Qf3 Qxd4 24. Rcd1 Ne5 25. Qd5+ Qxd5 26. Rxd5 Nf3+
27. Kg2 Nxh2 28. Re1 Ng4 29. Re7 Rhd6 30. Rxd6 Rxd6 31. Bxc5 Rc6 1-0

[Event "Mittelfr. EM 2017 - Hauptturnier"]
[Site "Uttenreuth"]
[Date "2017.04.13"]
[Round "5.5"]
[White "Böhme, Sebastian"]
[Black "Link, Andreas"]
[Result "1/2-1/2"]
[WhiteElo "2122"]
[BlackElo "2015"]
[PlyCount "125"]
[EventDate "2017.??.??"]
[WhiteTeam "SC Uttenreuth e.V."]
[BlackTeam "Spvg Zabo-Eintracht Nürnberg e.V"]

1. e4 c5 2. c3 Nf6 3. e5 Nd5 4. d4 cxd4 5. Nf3 e6 6. cxd4 d6 7. Bc4 dxe5 8.
dxe5 Be7 9. O-O O-O 10. Qe2 Nc6 11. Rd1 Qc7 12. Bxd5 exd5 13. Nc3 Bg4 14. Bf4
d4 15. Nd5 Qd7 16. Qe4 Bxf3 17. Qxf3 Rfd8 18. Nxe7+ Qxe7 19. Qg3 Qe6 20. Rac1
Rd5 21. h3 Qg6 22. Qb3 Rd7 23. Rd3 Qe4 24. Bg3 Nxe5 25. Bxe5 Qxe5 26. Qa4 b5
27. Qb4 Rad8 28. Qa3 h6 29. Qa5 Qe4 30. Rcd1 Qc6 31. Qb4 Qc4 32. Qa5 Rc8 33. b3
Qc5 34. a4 Rb8 35. axb5 Rxb5 36. Qa4 Qb6 37. Rxd4 Rxd4 38. Rxd4 Rxb3 39. Qe8+
Kh7 40. Rd7 Rb1+ 41. Kh2 Qb8+ 42. Qxb8 Rxb8 43. Rxa7 Kg6 44. Kg3 Rb6 45. f3 f5
46. Kh4 Kf6 47. f4 Rb4 48. Ra6+ Kf7 49. Kg3 g5 50. fxg5 hxg5 51. Kf3 Rb3+ 52.
Kf2 f4 53. h4 gxh4 54. Ra4 Kg6 55. Rxf4 Kg5 56. Rf3 Rb2+ 57. Kg1 Kg4 58. Rf8
Rb3 59. Rg8+ Kh5 60. Kh2 Ra3 61. g4+ hxg3+ 62. Rxg3 Rxg3 63. Kxg3 1/2-1/2

[Event "Mittelfr. EM 2017 - Hauptturnier"]
[Site "Uttenreuth"]
[Date "2017.04.13"]
[Round "5.6"]
[White "Meyer, Jürgen"]
[Black "Brenner, Christian"]
[Result "0-1"]
[WhiteElo "1839"]
[BlackElo "2032"]
[PlyCount "70"]
[EventDate "2017.??.??"]
[WhiteTeam "SC Uttenreuth e.V."]
[BlackTeam "Spvg Zabo-Eintracht Nürnberg e.V"]

1. d4 Nf6 2. Nf3 g6 3. e3 Bg7 4. Be2 O-O 5. O-O d5 6. c3 c5 7. Nbd2 Nc6 8. a3
b6 9. b4 Qc7 10. b5 Na5 11. Ne5 Nd7 12. Nxd7 Bxd7 13. Bb2 Bf5 14. Rc1 Rad8 15.
a4 e5 16. Nb3 Nb7 17. Ba3 Rfe8 18. Bg4 Be6 19. Bxe6 Rxe6 20. Rc2 c4 21. Nc1
exd4 22. exd4 Nd6 23. Re1 Rde8 24. Rxe6 Rxe6 25. f3 Nf5 26. Re2 Ne3 27. Qd2 Bh6
28. Qa2 Bf4 29. h3 Bh2+ 30. Kh1 Bf4 31. Kg1 Bh6 32. Qd2 Ng4 33. Rxe6 Qh2+ 34.
Kf1 Qh1+ 35. Ke2 Qxg2+ 0-1

[Event "Mittelfr. EM 2017 - Hauptturnier"]
[Site "Uttenreuth"]
[Date "2017.04.13"]
[Round "5.7"]
[White "Diller, Peter"]
[Black "Cordts, Elof"]
[Result "1-0"]
[WhiteElo "2006"]
[BlackElo "1674"]
[PlyCount "67"]
[EventDate "2017.??.??"]
[WhiteTeam "SK Rothenburg e.V."]
[BlackTeam "SC Erlangen 48/88"]

1. e4 c5 2. f4 d6 3. Nf3 Nc6 4. Bc4 e6 5. Nc3 Nf6 6. d3 a6 7. O-O b5 8. Bb3 Na5
9. Qe1 Nxb3 10. axb3 Bb7 11. Qg3 g6 12. f5 gxf5 13. exf5 e5 14. Bg5 Be7 15. Qh4
h6 16. Rf2 Kd7 17. Bxf6 Bxf6 18. Qh5 Qe7 19. Ne4 Rag8 20. Ned2 Bg5 21. Qh3 f6
22. b4 cxb4 23. Nxg5 hxg5 24. Qe3 Kc7 25. Ne4 Rh4 26. g3 Rh7 27. c3 bxc3 28.
bxc3 Rc8 29. c4 bxc4 30. dxc4 Kd8 31. Nxd6 Qc7 32. Rd1 Rd7 33. Rfd2 Qc6 34.
Nxb7+ 1-0

[Event "Mittelfr. EM 2017 - Hauptturnier"]
[Site "Uttenreuth"]
[Date "2017.04.13"]
[Round "6.1"]
[White "Seibold, Hubert"]
[Black "Böhme, Markus"]
[Result "1/2-1/2"]
[WhiteElo "2117"]
[BlackElo "1957"]
[PlyCount "33"]
[EventDate "2017.??.??"]
[WhiteTeam "SK Zirndorf e.V."]
[BlackTeam "SC Uttenreuth e.V."]

1. c4 c6 2. d4 d5 3. Nf3 e6 4. Nc3 dxc4 5. e3 b5 6. a4 Bb4 7. Ne5 Nf6 8. Bd2 a5
9. axb5 Bxc3 10. Bxc3 cxb5 11. b3 Bb7 12. bxc4 b4 13. Bd2 O-O 14. f3 Nbd7 15.
Nd3 Qc7 16. Nb2 e5 17. d5 1/2-1/2

[Event "Mittelfr. EM 2017 - Hauptturnier"]
[Site "Uttenreuth"]
[Date "2017.04.13"]
[Round "6.2"]
[White "Saathoff, Richard"]
[Black "Erlbeck, Peter"]
[Result "1/2-1/2"]
[WhiteElo "2124"]
[BlackElo "2061"]
[PlyCount "39"]
[EventDate "2017.??.??"]
[WhiteTeam "SC Schwarz-Weiß Nürnberg Süd e.V"]
[BlackTeam "SC Schwarz-Weiß Nürnberg Süd e.V"]

1. e4 c5 2. Nf3 Nc6 3. d4 cxd4 4. Nxd4 Nf6 5. Nc3 e5 6. Ndb5 d6 7. Bg5 a6 8.
Na3 b5 9. Nd5 Be7 10. Bxf6 Bxf6 11. c4 b4 12. Nc2 O-O 13. g3 Bg5 14. h4 Bh6 15.
Bh3 Be6 16. Qh5 Rb8 17. b3 Qd7 18. Bf5 Bxf5 19. exf5 f6 20. O-O 1/2-1/2

[Event "Mittelfr. EM 2017 - Hauptturnier"]
[Site "Uttenreuth"]
[Date "2017.04.13"]
[Round "6.3"]
[White "Wittmann, Helmut"]
[Black "Tong, Kevin"]
[Result "0-1"]
[WhiteElo "2067"]
[BlackElo "2046"]
[PlyCount "102"]
[EventDate "2017.??.??"]
[WhiteTeam "BSG Wörlhaus Erlangen"]
[BlackTeam "SC Erlangen 48/88"]

1. d4 d5 2. c4 c6 3. Nf3 Nf6 4. Nc3 dxc4 5. Ne5 Nbd7 6. Nxc4 b5 7. Nd2 Bb7 8.
Nf3 e6 9. g3 b4 10. Na4 c5 11. b3 cxd4 12. Qxd4 Be7 13. Bg2 Qa5 14. Nb2 Nb6 15.
O-O O-O 16. Nd3 Rfd8 17. Qe5 Qa6 18. Nc5 Bxc5 19. Qxc5 Nbd5 20. Bg5 Qxe2 21.
Bxf6 gxf6 22. Qd4 Qc2 23. Rfd1 Rdc8 24. Rd2 Qf5 25. Re1 a5 26. Nh4 Qh5 27. Bf3
Qg5 28. Rde2 Rc1 29. Rxc1 Qxc1+ 30. Kg2 Rc8 31. Qg4+ Qg5 32. Qd4 Ba8 33. Re4 f5
34. Re5 Ne7 35. Rxa5 Bd5 36. Qxb4 Nc6 37. Qc3 Qd8 38. Rc5 Bxf3+ 39. Nxf3 Ne7
40. Rxc8 Nxc8 41. b4 Nb6 42. Qc5 Nd5 43. Nd4 Qa8 44. Qc6 Qxa2 45. b5 Qb1 46.
Nf3 h6 47. Nd2 Qb4 48. Nc4 Kg7 49. b6 Qe1 50. Nd6 Ne3+ 51. Kf3 Qh1+ 0-1

[Event "Mittelfr. EM 2017 - Hauptturnier"]
[Site "Uttenreuth"]
[Date "2017.04.13"]
[Round "6.4"]
[White "Böhme, Sebastian"]
[Black "Brenner, Christian"]
[Result "1-0"]
[WhiteElo "2122"]
[BlackElo "2032"]
[PlyCount "55"]
[EventDate "2017.??.??"]
[WhiteTeam "SC Uttenreuth e.V."]
[BlackTeam "Spvg Zabo-Eintracht Nürnberg e.V"]

1. e4 e5 2. Nc3 Nf6 3. Bc4 Nc6 4. d3 Bc5 5. f4 d6 6. Nf3 Bg4 7. Na4 Bb6 8. Nxb6
axb6 9. c3 O-O 10. O-O d5 11. exd5 Nxd5 12. h3 Bxf3 13. Qxf3 Nxf4 14. Bxf4 exf4
15. Qxf4 Qd7 16. d4 Rae8 17. Rae1 Re7 18. Rxe7 Qxe7 19. a3 Nd8 20. Rf2 Qd7 21.
Re2 b5 22. Bb3 Nc6 23. Qe4 Na5 24. Ba2 c6 25. Qe7 Qf5 26. Rf2 Qh5 27. Bxf7+
Rxf7 28. Qe8+ 1-0

[Event "Mittelfr. EM 2017 - Hauptturnier"]
[Site "Uttenreuth"]
[Date "2017.04.13"]
[Round "6.5"]
[White "Konsek, Peter"]
[Black "Bauer, Karlheinz"]
[Result "1-0"]
[WhiteElo "2083"]
[BlackElo "2230"]
[PlyCount "81"]
[EventDate "2017.??.??"]
[WhiteTeam "SC Schwarz-Weiß Nürnberg Süd e.V"]
[BlackTeam "Spvg Zabo-Eintracht Nürnberg e.V"]

1. e4 c5 2. d4 cxd4 3. c3 d5 4. exd5 Qxd5 5. cxd4 e5 6. Nf3 Nc6 7. Nc3 Bb4 8.
Bd2 Bxc3 9. Bxc3 Bg4 10. dxe5 Qe4+ 11. Qe2 Bxf3 12. gxf3 Qg6 13. O-O-O Nge7 14.
h4 Rd8 15. Rxd8+ Nxd8 16. Qe3 Nd5 17. Bb5+ Nc6 18. Qxa7 O-O 19. Qxb7 Ncb4 20.
Bxb4 Nxb4 21. Qe4 Nxa2+ 22. Kb1 Qb6 23. Qa4 Qb7 24. Bc6 Nc3+ 25. Kc2 Nxa4 26.
Bxb7 Nxb2 27. Bd5 Na4 28. Ra1 Rc8+ 29. Kd3 Rd8 30. Rxa4 Rxd5+ 31. Rd4 Rxd4+ 32.
Kxd4 Kf8 33. f4 g6 34. Ke4 Ke7 35. f5 Kd7 36. Kf4 h6 37. fxg6 fxg6 38. h5 gxh5
39. Kg3 Ke6 40. f4 Kf5 41. Kh4 1-0

[Event "Mittelfr. EM 2017 - Hauptturnier"]
[Site "Uttenreuth"]
[Date "2017.04.13"]
[Round "6.6"]
[White "Meyer, Jürgen"]
[Black "Diller, Peter"]
[Result "1/2-1/2"]
[WhiteElo "1839"]
[BlackElo "2006"]
[PlyCount "37"]
[EventDate "2017.??.??"]
[WhiteTeam "SC Uttenreuth e.V."]
[BlackTeam "SK Rothenburg e.V."]

1. d4 e6 2. Nf3 d5 3. e3 c5 4. b3 Nc6 5. Bb2 Nf6 6. Bd3 a6 7. O-O b5 8. c4 dxc4
9. bxc4 b4 10. Nbd2 a5 11. Nb3 Ra7 12. Qc2 a4 13. Nxc5 a3 14. Bc1 Bxc5 15. dxc5
Qe7 16. Bd2 Qxc5 17. Rab1 O-O 18. Nd4 Ba6 19. Nxc6 1/2-1/2

[Event "Mittelfr. EM 2017 - Hauptturnier"]
[Site "Uttenreuth"]
[Date "2017.04.13"]
[Round "6.7"]
[White "Cordts, Elof"]
[Black "Link, Andreas"]
[Result "0-1"]
[WhiteElo "1674"]
[BlackElo "2015"]
[PlyCount "94"]
[EventDate "2017.??.??"]
[WhiteTeam "SC Erlangen 48/88"]
[BlackTeam "Spvg Zabo-Eintracht Nürnberg e.V"]

1. e4 c5 2. Nc3 Nc6 3. f4 g6 4. Nf3 Bg7 5. Bb5 Nd4 6. O-O a6 7. Be2 d6 8. a4 e6
9. Nb1 Ne7 10. c3 Nxe2+ 11. Qxe2 O-O 12. d3 b6 13. Be3 Bb7 14. Nbd2 Qc7 15.
Rac1 e5 16. d4 exf4 17. Bxf4 Qd7 18. Nc4 Nc8 19. Rcd1 Qg4 20. Bxd6 Re8 21. e5
cxd4 22. Rxd4 Qd7 23. Qd2 b5 24. Na5 Bxf3 25. Rxf3 Nxd6 26. Rxd6 Qc7 27. Rd7
Qc5+ 28. Qd4 Qxe5 29. Qxe5 Bxe5 30. Rfxf7 Rad8 31. Rxh7 Rxd7 32. Rxd7 bxa4 33.
Nc6 Bf6 34. Nb4 Re2 35. Nd3 Rd2 36. Nc5 Rxb2 37. Nxa4 Ra2 38. Rd6 Kf7 39. Nc5
a5 40. Ne4 Be7 41. Ra6 a4 42. c4 a3 43. c5 Re2 44. Nd6+ Bxd6 45. cxd6 a2 46.
Kf1 Rb2 47. d7 Ke7 0-1

[Event "Mittelfr. EM 2017 - Hauptturnier"]
[Site "Uttenreuth"]
[Date "2017.04.14"]
[Round "7.1"]
[White "Erlbeck, Peter"]
[Black "Tong, Kevin"]
[Result "1/2-1/2"]
[WhiteElo "2061"]
[BlackElo "2046"]
[PlyCount "117"]
[EventDate "2017.??.??"]
[WhiteTeam "SC Schwarz-Weiß Nürnberg Süd e.V"]
[BlackTeam "SC Erlangen 48/88"]

1. e4 e5 2. Nf3 Nc6 3. Bb5 a6 4. Bxc6 dxc6 5. O-O Bg4 6. h3 Bh5 7. g4 Bg6 8.
Nxe5 Qh4 9. Qf3 f6 10. Nxg6 hxg6 11. Kg2 g5 12. Rh1 Ne7 13. d3 O-O-O 14. Nd2
Qh7 15. Kg1 Kb8 16. Nc4 Qg8 17. Be3 Qe6 18. a4 Ng6 19. Qf5 Qxf5 20. exf5 Ne7
21. Kg2 Nd5 22. Rae1 Kc8 23. Bd2 Bc5 24. Re4 Kd7 25. Rhe1 Rh7 26. d4 Bf8 27. b3
Rh4 28. f4 gxf4 29. Bxf4 Bb4 30. Rh1 Nxf4+ 31. Rxf4 Re8 32. Kf2 Bc3 33. Ne3
Rhh8 34. Nd1 Bd2 35. Rf3 Re4 36. Rd3 Bg5 37. Nc3 Rxg4 38. hxg4 Rxh1 39. Ne4
Rh2+ 40. Kf3 Rxc2 41. Nc5+ Kc8 42. Ne6 Bh6 43. d5 cxd5 44. Rxd5 Rd2 45. Rxd2
Bxd2 46. Nxg7 Kd7 47. Ke4 b5 48. axb5 axb5 49. Ne6 Kd6 50. Kd4 c6 51. Kd3 Bc1
52. Ke4 c5 53. Ng7 Bb2 54. Ne6 c4 55. bxc4 bxc4 56. g5 fxg5 57. Nxg5 c3 58. Kd3
Ke5 59. f6 1/2-1/2

[Event "Mittelfr. EM 2017 - Hauptturnier"]
[Site "Uttenreuth"]
[Date "2017.04.14"]
[Round "7.3"]
[White "Saathoff, Richard"]
[Black "Seibold, Hubert"]
[Result "1/2-1/2"]
[WhiteElo "2124"]
[BlackElo "2117"]
[PlyCount "43"]
[EventDate "2017.??.??"]
[WhiteTeam "SC Schwarz-Weiß Nürnberg Süd e.V"]
[BlackTeam "SK Zirndorf e.V."]

1. e4 c5 2. Nf3 e6 3. d4 cxd4 4. Nxd4 a6 5. Bd3 Bc5 6. Nb3 Be7 7. Nc3 Nc6 8. f4
d6 9. Qf3 Nf6 10. Bd2 Qc7 11. O-O Nb4 12. Kh1 Nxd3 13. cxd3 b5 14. Rac1 Qd7 15.
Ne2 Bb7 16. Na5 O-O 17. Qe3 Bd8 18. Qd4 Bxa5 19. Bxa5 Rfc8 20. Bb4 Ne8 21. Qb6
Rc6 22. Rxc6 1/2-1/2

[Event "Mittelfr. EM 2017 - Hauptturnier"]
[Site "Uttenreuth"]
[Date "2017.04.14"]
[Round "7.4"]
[White "Link, Andreas"]
[Black "Konsek, Peter"]
[Result "1-0"]
[WhiteElo "2015"]
[BlackElo "2083"]
[PlyCount "65"]
[EventDate "2017.??.??"]
[WhiteTeam "Spvg Zabo-Eintracht Nürnberg e.V"]
[BlackTeam "SC Schwarz-Weiß Nürnberg Süd e.V"]

1. e4 c5 2. Nf3 Nc6 3. Bb5 Nf6 4. e5 Nd5 5. O-O g6 6. Nc3 Nc7 7. a4 Bg7 8. Re1
O-O 9. d3 d6 10. exd6 exd6 11. Bg5 f6 12. Bf4 Bg4 13. Bxc6 bxc6 14. h3 Be6 15.
d4 c4 16. Ne4 d5 17. Nc5 Bf7 18. Qd2 Re8 19. Rxe8+ Nxe8 20. Re1 Nd6 21. Qe2 Ne4
22. Nxe4 dxe4 23. Qxe4 Bd5 24. Qe3 Qb6 25. Qc3 Bf8 26. Nd2 Bb4 27. Qg3 Bxd2 28.
Bxd2 Qxb2 29. Bh6 Qxd4 30. Re7 Rc8 31. Qd6 Qa1+ 32. Kh2 Bf7 33. Rxf7 1-0

[Event "Mittelfr. EM 2017 - Hauptturnier"]
[Site "Uttenreuth"]
[Date "2017.04.14"]
[Round "7.6"]
[White "Bauer, Karlheinz"]
[Black "Diller, Peter"]
[Result "1-0"]
[WhiteElo "2230"]
[BlackElo "2006"]
[PlyCount "71"]
[EventDate "2017.??.??"]
[WhiteTeam "Spvg Zabo-Eintracht Nürnberg e.V"]
[BlackTeam "SK Rothenburg e.V."]

1. e4 e6 2. d4 d5 3. Nc3 Bb4 4. e5 Ne7 5. a3 Bxc3+ 6. bxc3 c5 7. a4 Nbc6 8. Nf3
Qa5 9. Qd2 Bd7 10. Bd3 c4 11. Be2 f6 12. exf6 gxf6 13. O-O O-O-O 14. Ba3 Qc7
15. a5 e5 16. Rfb1 e4 17. Nh4 Ng6 18. Qh6 Nxa5 19. g3 Rdg8 20. Ng2 Nc6 21. Bxc4
dxc4 22. d5 Nb8 23. Qe3 a6 24. Rb6 Kd8 25. Bd6 Qc8 26. Nf4 f5 27. Qd4 Ne7 28.
Qf6 Re8 29. Bxe7+ Rxe7 30. Qxh8+ Kc7 31. Qd4 Nc6 32. Rxc6+ Bxc6 33. d6+ Kd7 34.
dxe7+ Kxe7 35. Qg7+ Kd6 36. Rd1+ 1-0

[Event "Mittelfr. EM 2017 - Hauptturnier"]
[Site "Uttenreuth"]
[Date "2017.04.14"]
[Round "7.7"]
[White "Brenner, Christian"]
[Black "Cordts, Elof"]
[Result "1-0"]
[WhiteElo "2032"]
[BlackElo "1674"]
[PlyCount "71"]
[EventDate "2017.??.??"]
[WhiteTeam "Spvg Zabo-Eintracht Nürnberg e.V"]
[BlackTeam "SC Erlangen 48/88"]

1. e4 c5 2. Nf3 d6 3. d4 cxd4 4. Nxd4 Nf6 5. Nc3 a6 6. Be3 e5 7. Nb3 Be6 8. f3
Be7 9. Qd2 O-O 10. O-O-O a5 11. Bb5 Na6 12. g4 Nc7 13. Ba4 d5 14. g5 Nxe4 15.
fxe4 d4 16. Qe2 Bxg5 17. Bxg5 Qxg5+ 18. Kb1 dxc3 19. Rhg1 Qe7 20. Rg3 cxb2 21.
Rdg1 g6 22. h4 Qb4 23. Qh5 Qxe4 24. Nc5 Qd5 25. Nxe6 Nxe6 26. Bb3 Qd6 27. Qh6
Kh8 28. h5 Ng7 29. hxg6 fxg6 30. Rh3 Nh5 31. Rxh5 Qd7 32. Qxg6 a4 33. Rgh1 Rf1+
34. Rxf1 axb3 35. Qf6+ Qg7 36. cxb3 1-0

[Event "Mittelfr. EM 2017 - Hauptturnier"]
[Site "Uttenreuth"]
[Date "2017.04.14"]
[Round "8.1"]
[White "Tong, Kevin"]
[Black "Böhme, Sebastian"]
[Result "1/2-1/2"]
[WhiteElo "2046"]
[BlackElo "2122"]
[PlyCount "80"]
[EventDate "2017.??.??"]
[WhiteTeam "SC Erlangen 48/88"]
[BlackTeam "SC Uttenreuth e.V."]

1. e4 e6 2. d4 d5 3. Nc3 Nf6 4. e5 Nfd7 5. f4 c5 6. Nf3 Nc6 7. Be3 a6 8. Qd2 b5
9. dxc5 Bxc5 10. Bd3 Qb6 11. Bf2 Bxf2+ 12. Qxf2 Nc5 13. O-O b4 14. Ne2 a5 15.
f5 Nd7 16. Qxb6 Nxb6 17. Bb5 Bd7 18. fxe6 fxe6 19. Bxc6 Bxc6 20. Ned4 Bd7 21.
Ng5 Nc4 22. Ngxe6 Bxe6 23. Nxe6 Ra7 24. Rae1 Nxb2 25. Nf4 Rc7 26. Nxd5 Rxc2 27.
e6 Rc5 28. Nb6 Rc6 29. Nd7 Na4 30. Rf5 Ra6 31. Nb8 Rb6 32. Nd7 Ra6 33. Nb8 Rb6
34. Rxa5 Rxb8 35. Rxa4 O-O 36. e7 Rfe8 37. Re4 b3 38. axb3 Rxb3 39. Rad4 Rb7
40. Rd8 Kf7 1/2-1/2

[Event "Mittelfr. EM 2017 - Hauptturnier"]
[Site "Uttenreuth"]
[Date "2017.04.14"]
[Round "8.2"]
[White "Link, Andreas"]
[Black "Böhme, Markus"]
[Result "1/2-1/2"]
[WhiteElo "2015"]
[BlackElo "1957"]
[PlyCount "54"]
[EventDate "2017.??.??"]
[WhiteTeam "Spvg Zabo-Eintracht Nürnberg e.V"]
[BlackTeam "SC Uttenreuth e.V."]

1. d4 Nf6 2. Nf3 c5 3. c4 cxd4 4. Nxd4 e5 5. Nc2 d5 6. cxd5 Qxd5 7. Qxd5 Nxd5
8. e4 Nb4 9. Nxb4 Bxb4+ 10. Bd2 Nc6 11. Bb5 Bd7 12. O-O Bxd2 13. Nxd2 Nd4 14.
Bxd7+ Kxd7 15. Rfd1 Ke6 16. Kf1 Rac8 17. Rac1 Rhd8 18. Nb1 Nb5 19. Ke1 Rxd1+
20. Kxd1 Rxc1+ 21. Kxc1 Kd6 22. Kd2 Kc5 23. Kd3 Nd6 24. Nc3 b5 25. Nd5 Nc4 26.
b3 Nd6 27. b4+ Kc6 1/2-1/2

[Event "Mittelfr. EM 2017 - Hauptturnier"]
[Site "Uttenreuth"]
[Date "2017.04.14"]
[Round "8.3"]
[White "Bauer, Karlheinz"]
[Black "Saathoff, Richard"]
[Result "0-1"]
[WhiteElo "2230"]
[BlackElo "2124"]
[PlyCount "48"]
[EventDate "2017.??.??"]
[WhiteTeam "Spvg Zabo-Eintracht Nürnberg e.V"]
[BlackTeam "SC Schwarz-Weiß Nürnberg Süd e.V"]

1. e4 e5 2. Nf3 Nc6 3. Bb5 f5 4. d3 fxe4 5. dxe4 Nf6 6. Nc3 Bb4 7. O-O Bxc3 8.
bxc3 d6 9. Qd3 O-O 10. Bg5 Ne7 11. Bc4+ Kh8 12. Bxf6 Rxf6 13. Nxe5 Qe8 14. f4
dxe5 15. fxe5 Rxf1+ 16. Rxf1 Nc6 17. Qd5 Bg4 18. e6 Rd8 19. e7 Qxe7 20. Qf7
Qc5+ 21. Kh1 Ne5 22. Qf4 Qxc4 23. Qf8+ Rxf8 24. Rxf8+ Qg8 0-1

[Event "Mittelfr. EM 2017 - Hauptturnier"]
[Site "Uttenreuth"]
[Date "2017.04.14"]
[Round "8.4"]
[White "Konsek, Peter"]
[Black "Seibold, Hubert"]
[Result "0-1"]
[WhiteElo "2083"]
[BlackElo "2117"]
[PlyCount "68"]
[EventDate "2017.??.??"]
[WhiteTeam "SC Schwarz-Weiß Nürnberg Süd e.V"]
[BlackTeam "SK Zirndorf e.V."]

1. e4 c5 2. d4 cxd4 3. c3 dxc3 4. Nxc3 Nc6 5. Nf3 d6 6. Bc4 e6 7. O-O Be7 8.
Qe2 Nf6 9. Rd1 e5 10. Be3 O-O 11. b4 Nxb4 12. Nxe5 Qa5 13. Nd3 Nxd3 14. Qxd3
Be6 15. Bxe6 fxe6 16. Qc4 d5 17. Qb3 Bb4 18. Nxd5 exd5 19. e5 Bc3 20. exf6 Bxa1
21. Rxa1 Rxf6 22. Qxb7 Re8 23. h3 Rf7 24. Qc6 Rd8 25. Bg5 Rdf8 26. Be3 Rb8 27.
a4 h6 28. Kh2 Rd8 29. Qg6 Qc7+ 30. g3 d4 31. Rc1 Qd6 32. Qxd6 Rxd6 33. Bf4 Ra6
34. Rc4 g5 0-1